Pays qui commencent par la lettre C - Statistiques

Statistiques générales
  • Ce quiz a été pris 1 661 fois
  • Le résultat moyen est 14 sur 18
Statistiques - réponses
Continent Pays % Correct
Amérique Canada
92%
Asie Chine
89%
Amérique Colombie
86%
Europe Croatie
85%
Afrique Cameroun
84%
Afrique République démocratique du Congo
84%
Afrique République du Congo
84%
Amérique Chili
83%
Europe/Asie Chypre
80%
Asie Corée du Nord
79%
Asie Corée du Sud
79%
Amérique Cuba
78%
Asie Cambodge
76%
Afrique Comores
71%
Amérique Costa Rica
71%
Afrique Cap-vert
68%
Afrique Côte d'Ivoire
65%
Afrique République centrafricaine
46%
Aucun quiz correspondant
Distribution des résultats
% des personnes avec chaque résultat
Percentile par nombre de réponses
Votre historique - résultats
Vous n’avez pas pris ce quiz